|
|
|
|
| LEADER |
00000naa a2200000uu 4500 |
| 001 |
vtls011034561 |
| 003 |
SK-MaSNL |
| 005 |
20260302124852.0 |
| 008 |
210907|2000 xo |||||||||||||||||slo| |
| 015 |
|
|
|a SNBRA
|
| 035 |
|
|
|a (urnnbn)urn:nbn:sk:snk:ar-008syk
|
| 035 |
|
|
|a (uuid)de16d6a2-5062-4d0b-afae-aa25926abe06
|
| 035 |
|
|
|a urn:nbn:sk:snk-aauorr
|
| 040 |
|
|
|a SNKBUCL
|b slo
|c SNKBUCL
|e AACR2
|
| 041 |
0 |
|
|a slo
|
| 044 |
|
|
|a xo
|c SK
|
| 100 |
1 |
|
|a Brestenský, Vojtech
|4 aut
|9 7450
|
| 245 |
1 |
0 |
|a Chov kráv bez trhovej produkcie mlieka
|c Vojtech Brestenský
|
| 773 |
0 |
|
|t Chov hovädzieho dobytka v horských a podhorských oblastiach Slovenska
|d Žilina : Dom techniky ZSVTS, 2000, 2000
|g S. 21-31
|z 8023103431
|
| 958 |
|
|
|a OND
|
| 958 |
|
|
|a article12
|
| 958 |
|
|
|a chapter
|
| 999 |
|
|
|c 1290613
|d 1292543
|